| 000 | 00348nam a22001217a 4500 | ||
|---|---|---|---|
| 999 |
_c9934 _d9934 |
||
| 003 | OSt | ||
| 008 | 201217b ||||| |||| 00| 0 eng d | ||
| 245 | _aCallnet Journal of Scientometrics and Information Management | ||
| 250 | _a2014(Jun Vol.8 No.1, Dec Vol.8 No.2) | ||
| 260 |
_aNew Delhi _bTaru Publications |
||
| 650 | _aManagement | ||
| 942 |
_2ddc _cBV |
||